Szczegóły MARC21

Pamela Nubile ; Un curioso accidente ; La vedova scaltra : commedia in tre atti /

005 -DATA I CZAS OSTATNIEJ MODYFIKACJI [,]
    • @
    • pole kontrolne
    • 20070315155141.9
040 -Instytucja sporządzająca opis [ , ]
    • a
    • Instytucja, która sporządziła opis (NP)
    • SZCZ U
    • c
    • Instytucja, która sporządziła rekord (NP)
    • SZCZ U
041 -Język dokumentu [0, ]
    • a
    • Język tekstu (P)
    • włoski
    • h
    • Język tekstu oryginalnego i/lub pośredniego (P)
    • włoski
942 -Rodzaj dokumentu [ , ]
    • c
    • Rodzaj dokumentu
    • Książka
100 -Hasło główne - nazwa osobowa [ , ]
    • a
    • Nazwa osobowa (NP)
    • GOLDONI, CARLO
245 -Strefa tytułu i oznaczenia odpowiedzialności [1, ]
    • a
    • Tytuł
    • Pamela Nubile ; Un curioso accidente ; La vedova scaltra : Find
    • b
    • Ciąg dalszy tytułu (NP)
    • commedia in tre atti / Find
    • c
    • Pozostałe elementy strefy tytułu i oznaczenia odpowiedzialności (NP)
    • Carlo Goldoni.
260 -Strefa adresu wydawniczego [ , ]
    • a
    • Miejsce wydania (P)
    • Milano :
    • b
    • Nazwa wydawcy (P)
    • A.Barion,
    • c
    • Data wydania (P)
    • 1926.
300 -Strefa opisu fizycznego [ , ]
    • a
    • Określenie formy książki i/lub objętość (NP)
    • 214 s. :
    • c
    • Format (NP)
    • 20 cm.
080 -Uniwersalna Klasyfikacja Dziesiętna [ , ]
    • a
    • Symbol klasyfikacji
    • 850-2=50
980 -Symbol UKD [ , ]
    • a
    • UKD
    • 850-2=50
Data inwentaryzacji Lokalizacja Status udost. Numer inwentarzowy
2002-11-27BG1JK.245